00442 a2200145 4500003000500000005001700005020001800022040000900040082001000049100002300059245013500082260003500217300001100252650003300263Nust20170207171533.0 a9780470613030 cNust a005.8 aLigh, Michael Hale aMalware analyst’s Cookbook and DVD: tools and techniques for fighting malicious code (EBOOK)cMichael Hale Ligh and Steven Adair aIndianapolisbJohn Wileyc2011 a746 p. aMalware analyst’s Cookbook